000 00694nam a22002297a 4500
003 UA-OsUOA
001 53267
007 ta
008 20150930b un ||||| |||| 00| 0 ukr d
090 _a82-1
_bР88
942 _cBK
040 _aUA-OsUOA
_bukr
_cUA-OsUOA
_dUA-OsUOA
245 _aРусалка Дністрова (Фотокопія з видання 1837 р.)
300 _a133 с.
955 _a3
041 _aukr
080 _a82-1
260 _aК.
_bДніпро
_c1972
650 7 _a82 Література. Літературознавство
_2UDC
999 _c433376
_d433376